| Tag |
First Indicator |
Second Indicator |
Subfields |
| LEADER |
00000cam a2200000 a 4500 |
| 001 |
in00000016099 |
| 005 |
20151007052701.0 |
| 008 |
860701s1986 wb a b 10010 eng |
| 010 |
|
|
|a 86017697
|
| 020 |
|
|
|a 038716765X (U.S.)
|
| 035 |
|
|
|a (OCoLC)13902810
|
| 035 |
|
|
|9 AAA8784AM
|
| 040 |
|
|
|a DLC
|c DLC
|d m/c
|d TXA
|d UtOrBLW
|
| 049 |
|
|
|a TXAM
|c [A12608803]
|
| 050 |
0 |
0 |
|a QA76.76.D47
|b N37 1985
|
| 082 |
0 |
|
|a 005
|2 19
|
| 111 |
2 |
|
|a NATO Advanced Study Institute on the Challenge of Advanced Computing Technology to System Design Methods
|d (1985 :
|c Grey College, University of Durham)
|
| 245 |
1 |
0 |
|a Software system design methods :
|b the challenge of advanced computing technology /
|c edited by Jozef K. Skwirzynski.
|
| 264 |
|
1 |
|a Berlin ;
|a New York :
|b Springer-Verlag,
|c [1986]
|
| 264 |
|
4 |
|c ©1986
|
| 300 |
|
|
|a xiii, 747 pages :
|b illustrations ;
|c 25 cm.
|
| 336 |
|
|
|a text
|b txt
|2 rdacontent
|
| 337 |
|
|
|a unmediated
|b n
|2 rdamedia
|
| 338 |
|
|
|a volume
|b nc
|2 rdacarrier
|
| 490 |
1 |
|
|a NATO ASI series. Series F, Computer and systems sciences ;
|v vol. 22
|
| 500 |
|
|
|a "Published in cooperation with NATO Scientific Affairs Division."
|
| 500 |
|
|
|a "Proceedings of the NATO Advanced Study Institute on the Challenge of Advanced Computing Tecnology to System Design Methods held at Grey College, University of Durham, U.K., July 29-August 10, 1985."
|
| 504 |
|
|
|a Includes bibliographies.
|
| 650 |
|
0 |
|a Computer software
|x Development
|v Congresses.
|
| 650 |
|
0 |
|a Computers
|x Access control
|v Congresses.
|
| 650 |
|
0 |
|a System design
|v Congresses.
|
| 700 |
1 |
|
|a Skwirzynski, J. K.
|
| 710 |
2 |
|
|a North Atlantic Treaty Organization.
|b Scientific Affairs Division.
|
| 830 |
|
0 |
|a NATO ASI series.
|n Series F,
|p Computer and systems sciences ;
|v no. 22.
|
| 999 |
|
|
|a MARS
|
| 999 |
f |
f |
|s f391a3c9-f1e8-320d-a47e-6fb63e16afdf
|i e45a4ded-743d-31cb-acab-5e47fcf7ad3e
|t 0
|
| 952 |
f |
f |
|p ric
|a Texas A&M University
|b Rellis Campus
|c Joint Library Facility
|d Remote Storage
|t 0
|e QA76.76.D47 N37 1985
|h Library of Congress classification
|i unmediated -- volume
|m A14812608803
|
| 998 |
f |
f |
|a QA76.76.D47 N37 1985
|t 0
|l Remote Storage
|